Culture Générale - Série 2144 - Statistiques

Statistiques générales
  • Ce quiz a été pris 99 fois
  • Le résultat moyen est 4 sur 10
Statistiques - réponses
Question Réponse % Correct
De quel région de France le "kouglof" est-il une spécialité culinaire ? Alsace
89%
Quel est le prénom de la fiancée du héros de BD Popeye ? Olive
84%
De quel pays est originaire le riz basmati ? Inde
81%
A quel écrivain français doit-on l'adjectif "ubuesque" ? prénom et nom Alfred Jarry
42%
Unité de mesure représentant le milliardième d'un mètre. nanomètre
40%
Dans quel pays se trouve le lac Maracaibo ? Venezuela
33%
Entremets composé d'une enveloppe de meringue ou de pâte d'amandes, fourré de crème glacée ou de sorbet, parfois de fruits confits, et masqué de crème chantilly - voir photo vacherin
27%
Petit objet de fantaisie, sans grande valeur., synonyme de "babiole" "bagatelle" - 10 lettres commençant par " c " colifichet
21%
Dans quel pays se déroule chaque année le célèbre carnaval d'Oruro ? Bolivie
17%
Ce mot désigne : une créature de la mythologie grecque - un insecte - un requin taupe lamie
0%
Aucun quiz correspondant
Distribution des résultats
% des personnes avec chaque résultat
Percentile par nombre de réponses
Votre historique - résultats
Vous n’avez pas pris ce quiz